000
00350nam a2200157Ia 4500
008
210210b xxu||||| |||| 00| 0 eng d
082
_a
383/43
100
_a
CASSON (Herbert N)
245
_a
Heres to improvements
260
_a
London
_b
-
_c
300
_a
139
650
_a
improvements
650
_a
Heres
690
_a
Management
906
_a
005239
999
_c
125143
_d
125143